000 00502nam a22001815i 4500
001 53398
003 ES-MaACL
005 20230906162746.0
007 t|
008 950922s1856 fr ||||1| fre d
040 _aCAM
_bspa
_cCAM
100 1 _aEschbach.
_947534
245 1 0 _aIntroduction générale a l'étude du droit... /
_cpar Eschbach.
250 _a3\pe\s ed.
260 _aParis :
_bCotillon,
_c1856 (
_fE. Thunot et Cie.)
300 _aXXIV, 615 p. ;
_c21 cm.
852 _aES-MaACL
_jC-2671
999 _c53398
_d53398